| 000 | 00880nam a2200289 i 4500 | ||
|---|---|---|---|
| 001 | bg | ||
| 003 | BPK | ||
| 005 | 20191002090811.0 | ||
| 008 | 010831s2001 pl f |001 0 pol | ||
| 015 | _aPB 2001/13868 | ||
| 020 | _a8391512533 | ||
| 040 |
_aWA N _cBPK |
||
| 041 | 0 | _apol | |
| 080 | _a347.191.11/.12(438) | ||
| 080 | _a(07) | ||
| 100 | 1 |
_aIzdebski, Hubert _d(1947- ). |
|
| 245 | 1 | 0 |
_aFundacje i stowarzyszenia : _bkomentarz, orzecznictwo, skorowidz / _cHubert Izdebski. |
| 250 | _aWyd. 10. | ||
| 260 |
_aŁomianki : _b"AJP Partners", _ccop. 2001. |
||
| 300 |
_a296 s. ; _c24 cm. |
||
| 504 | _aIndeks. | ||
| 650 | 4 |
_aFundacja _xprawo _zPolska. |
|
| 650 | 4 |
_aOrganizacje _xprawo _zPolska. |
|
| 655 | 4 | _aPodręcznik | |
| 856 |
_uhttp://koha.tu.koszalin.pl/cgi-bin/koha/opac-detail.pl?biblionumber=40317 _yKatalog online BPK |
||
| 942 |
_2UKD _cKS |
||
| 999 |
_c40317 _d40317 |
||